Journalism, be a great talk show host.

In this 48-minute course, you will learn the steps to become a successful talk show host, covering hosting basics, show formats, audience engagement, technical management, and the skills that top hosts use to create memorable broadcasts. What I will be able to do after this course Understand the ess...

Full description

Bibliographic Details
Corporate Authors: Safari, an O'Reilly Media Company, Media Training Worldwide (instructor.)
Other Authors: Walker, Timothy John (instructor.)
Format: Video
Language:English
Published: [Birmingham, United Kingdom] : Packt Publishing, 2026.
Edition:[First edition].
Subjects:
Online Access:Connect to the full text of this electronic resource

MARC

Tag First Indicator Second Indicator Subfields
LEADER 00000ngm a22000007i 4500
001 in00005691925
005 20260219192248.2
006 m o c
007 vz czazuu
007 cr cnannnuuuuu
008 260127s2026 enk049 o vleng d
040 |a ORMDA  |b eng  |e rda  |e pn  |c ORMDA  |d OCLCO 
020 |a 9781807300678  |q (electronic video) 
020 |a 1807300676  |q (electronic video) 
035 |a (OCoLC)1570247468 
037 |a 9781807300678  |b O'Reilly Media 
050 4 |a PN1991.8.T35 
082 0 4 |a 791.44/6  |2 23/eng/20260127 
049 |a TXAM 
245 0 0 |a Journalism, be a great talk show host. 
250 |a [First edition]. 
264 1 |a [Birmingham, United Kingdom] :  |b Packt Publishing,  |c 2026. 
300 |a 1 online resource (1 video file (49 min.)) :  |b sound, color. 
306 |a 004900 
336 |a two-dimensional moving image  |b tdi  |2 rdacontent 
337 |a computer  |b c  |2 rdamedia 
338 |a online resource  |b cr  |2 rdacarrier 
344 |a digital  |2 rdatr 
347 |a video file  |2 rdaft 
380 |a Instructional films.  |2 lcgft 
511 0 |a Media Training Worldwide, Timothy John Walker, instructors. 
520 |a In this 48-minute course, you will learn the steps to become a successful talk show host, covering hosting basics, show formats, audience engagement, technical management, and the skills that top hosts use to create memorable broadcasts. What I will be able to do after this course Understand the essentials of talk show hosting Create a custom show format suited to your hosting style Handle technical issues during a live show Engage and interact with guests effectively Use the teleprompter like a professional Course Instructor(s) TJ Walker is a globally acclaimed expert in online education with over 12 million student enrollments and has trained high-profile clients like Presidents and Nobel laureates. He is the founder of Media Training Worldwide and a bestselling author. Who is it for? This course is ideal for aspiring talk show hosts, media personalities, or anyone interested in developing communication and hosting skills. No prior experience is required, and it provides in-depth guidance for newcomers to the entertainment industry. 
588 0 |a Online resource; title from title details screen (O'Reilly, viewed January 27, 2026). 
650 0 |a Radio talk show hosts. 
650 0 |a Television talk show hosts. 
650 0 |a Journalism. 
650 6 |a Animateurs de talk-show. 
650 6 |a Journalisme. 
650 7 |a journalism.  |2 aat 
655 7 |a Instructional films.  |2 lcgft 
655 7 |a Nonfiction films.  |2 lcgft 
655 7 |a Internet videos.  |2 lcgft 
655 7 |a Films de formation.  |2 rvmgf 
655 7 |a Films autres que de fiction.  |2 rvmgf 
655 7 |a Vidéos sur Internet.  |2 rvmgf 
700 1 |a Walker, Timothy John,  |e instructor. 
710 2 |a Safari, an O'Reilly Media Company. 
710 2 |a Media Training Worldwide,  |e instructor. 
710 2 |a Packt Publishing,  |e publisher. 
856 4 0 |u https://go.oreilly.com/TAMU/library/view/-/9781807300678/?ar  |z Connect to the full text of this electronic resource  |t 0 
955 |a Safari/O'Reilly ebooks 
994 |a 92  |b TXA 
999 f f |i ae210375-5343-48d9-a3a1-a18bb3057d0f  |s 1eb060ee-d14e-4596-80a4-48dcc4bb8f8e  |t 0 
952 f f |a Texas A&M University  |b College Station  |c Electronic Resources  |s www_evans  |d Available Online  |t 0  |e PN1991.8.T35   |h Library of Congress classification 
998 f f |a PN1991.8.T35   |t 0  |l Available Online